| 000 | 00612nam a2200205 i 4500 | ||
|---|---|---|---|
| 001 | 149168 | ||
| 003 | ES-MaACL | ||
| 005 | 20250319063310.0 | ||
| 007 | t| | ||
| 008 | 071019s1981 sp ||||1| spa d | ||
| 100 |
_aVelarde Fuertes, Juan, _9236903 _d1927-2023 |
||
| 245 | 1 | 3 |
_aEl libertino y el nacimiento del capitalismo / _cJuan Velarde Fuertes. |
| 260 |
_aMadrid : _bPirĂ¡mide, _c[1981] |
||
| 300 |
_a158 p. ; _c21 cm. |
||
| 490 | 1 | _aEscuela de Salamanca | |
| 830 | 0 |
_aEscuela de Salamanca _9185614 |
|
| 852 |
_aES-MaACL _jL-1498 _bR.102192 |
||
| 942 | _2udc | ||
| 999 |
_c149168 _d149168 |
||